000 01111nam a22001817a 4500
003 OSt
005 20120303100212.0
008 110129t xxu||||| |||| 00| 0 eng d
040 _cVPM, Thane
100 _aबेडेकर, विजय वा.
_9363
245 _a१५१ दिशा : मार्च २०१०
260 _aठाणे
_bविद्या प्रसारक मंडळ
_c२०१०
300 _a४०
520 _aबेडेकर, विजय वा.; आठल्ये, श्रीनिवास; साने, यशवंत; ठाकुर, अशोक; मठ, शं. बा.; लागू, सुरेंद्र; नीलकण्ठसुते
600 _aबेडेकर, विजय वा.; आठल्ये, श्रीनिवास; साने, यशवंत; ठाकुर, अशोक; मठ, शं. बा.; लागू, सुरेंद्र; नीलकण्ठसुते
_9364
856 _uhttp://dspace.vpmthane.org:8080/jspui/bitstream/123456789/817/1/151dishaMarch2010.pdf
942 _2ddc
_cEJOURNAL
999 _c827700
_d827697